| 000 | 00470nam a2200181Ia 4500 | ||
|---|---|---|---|
| 005 | 20260429112229.0 | ||
| 008 | 260429s9999||||xx |||||||||||||| ||und|| | ||
| 020 | _a9789392262401 | ||
| 041 | _aEnglish | ||
| 082 |
_a338.4791 _bBED |
||
| 100 | _aBedi, Siddharth | ||
| 245 | 0 |
_aTourism and economic development / _cSiddharth Bedi |
|
| 260 |
_aJaipur : _bBook Enclave, _c2023. |
||
| 300 | _aiv, 282 p.; hb | ||
| 650 | _a Tourism | ||
| 650 | _aEconomics | ||
| 942 | _cTB | ||
| 999 |
_c53019 _d53019 |
||